NFL players who have won an MVP - Statistics

General Stats
  • This quiz has been taken 21 times
  • The average score is 6 of 13
Answers on the Grid
Answers color-coded by a green-red scale on the quiz's grid according to % correct below.
Josh Allen
Lamar Jackson
Tom Brady
Patrick Mahomes
Arron Rodgers
Peyton Manning
Kurt Warner
Barry Sanders
Marshall Faulk
Terrell Davis
Steve Young
Joe Montana
John Elway
Lawrence Taylor
Randy Moss
Drew Brees
Ray Lewis
Jim Kelly
Don Hutson
Gale Sayers
Justin Jefferson
Jared Goff
Puka Nacua
Aiden Hutchinson
Jordan Love
Issac TeSlaa
Deion Sanders
Dick Butkus
Bruce Smith
Reggie White
 
Answer Stats
Answer % Correct
Josh Allen
75%
Arron Rodgers
67%
Peyton Manning
67%
Lamar Jackson
58%
Patrick Mahomes
58%
John Elway
42%
Lawrence Taylor
42%
Kurt Warner
33%
Tom Brady
33%
Joe Montana
25%
Steve Young
25%
Terrell Davis
25%
Marshall Faulk
8%
No matching quizzes found
Score Distribution
Percent of People with Each Score
Percentile by Number Answered
Your Score History
You have not taken this quiz